000 00710nam a2200145Ia 4500
008 151213s9999 xx 000 0 und d
100 _aঅধ্যাপক মো : ত্ইাবুল হাসান খান।
245 _aঅনুষদ সেমিনার : প্রবন্ধ সংকলন।
_cঅধ্যাপক মো : ত্ইাবুল হাসান খান।
260 _aঢাকা
_bজাহাঙ্গীরনগর বিশ্ববিদ্যালয়।
_c1962
300 _a8840 p.
650 _aBangla
650 _aপ্রবন্ধ।
700 _aঅধ্যাপক মো : ত্ইাবুল হাসান খান।
999 _c4625
_d4625